Enhancing the uses and commerce of biodiversity resources under the sustainable development scope (Registro nro. 9374)

Detalles MARC
000 -CABECERA
Campo de control 005670000a22001570004500
090 ## - CLASIFICACIÓN LOCAL
Colección AR
Consecutivo 00274
041 0# - IDIOMA
Código de idioma para texto/pista de sonido o título separado
100 1# - ASIENTO PRINCIPAL--NOMBRE PERSONAL
Nombre personal Ramos Borrero, Aurelio
245 10 - MENCION DE TITULO
Título Enhancing the uses and commerce of biodiversity resources under the sustainable development scope
650 14 - ASIENTO SECUNDARIO DE MATERIA - TERMINO TEMATICO
Término temático o nombre geográfico como elemento de entrada Valoración económica de los recursos
650 14 - ASIENTO SECUNDARIO DE MATERIA - TERMINO TEMATICO
Término temático o nombre geográfico como elemento de entrada Biodiversidad
650 14 - ASIENTO SECUNDARIO DE MATERIA - TERMINO TEMATICO
Término temático o nombre geográfico como elemento de entrada Desarrollo sostenible
650 14 - ASIENTO SECUNDARIO DE MATERIA - TERMINO TEMATICO
Término temático o nombre geográfico como elemento de entrada Recursos genéticos
773 1# - Item fuente:
Título United Nations Conference on Trade and Development (UNCTAD)
Especificación de materiales 107
Paginas del Articulo 1-5
Lugar, editorial y fecha de publicación 1997
942 ## - ELEMENTOS ADICIONALES (KOHA)
Tipo de ítem Artículo
Koha issues (borrowed), all copies 1
Existencias
Withdrawn status Lost status Sistema de Clasificación Damaged status No para préstamo Colección Ubicación Permanente Ubicación actual Fecha de adquisición Datos de publicación Seriada Total Checkouts Número topográfico Inventario / Código de Barras Date last seen Date checked out Ejemplar Price effective from Tipo de material
    Local   No para Préstamo Hemeroteca Bogotá Bogotá 27/02/2015 Fuera de circulación 1 AR 00274 010521 03/03/2017 02/05/2016 Ej. 1 25/03/2015 Artículo